| 000 | 00575nam a2200229Ia 4500 | ||
|---|---|---|---|
| 003 | OSt | ||
| 005 | 20220924132144.0 | ||
| 006 | a|||||r|||| 00| 0 | ||
| 007 | ta | ||
| 008 | 220923b |||||||| |||| 00| 0 hin d | ||
| 024 | _a33796 | ||
| 037 | _cTextual | ||
| 040 |
_aARTS _cARTS _bhin |
||
| 041 |
_2hin _ahin |
||
| 082 | _aO15:2:9, 152L4 | ||
| 100 |
_aMishra S _9203897 |
||
| 245 | 0 | _aNatya kala prachya evam paschatya | |
| 260 | _c1974 | ||
| 650 | _aENGLISH LITERATURE | ||
| 942 |
_hO15:2:9, 152L4 _cTEXL _2CC |
||
| 999 |
_c429490 _d429490 |
||